[Event "Turnier 40 / 120"]
[Site "Wien"]
[Date "2024.10.31"]
[Round "42"]
[White "Mephisto Berlin 68000"]
[Black "Fidelity Designer 2325"]
[Result "1-0"]
[BlackElo "2114"]
[WhiteElo "2128"]

{Analyse: ----> Stockfish 16} 1. c4 c5 2. Nf3 Nf6 3. g3 {Buchende} b6 4.
Bg2 Bb7 5. O-O {Buchzug Buchende} e6 6. Nc3 {Buchbewertung Mephisto Berlin
68000: +0,21} Be7 {Buchende} 7. d3 O-O {Buchbewertung Fidelity Designer
2325: -0,16 / lt. Stockfish ist die Stellung etwa gleich.} 8. Bf4 d6 9. e4
Nc6 10. Bd2 Qd7 11. b3 Ne5 12. Ne1 Rac8 13. f4 Nc6 14. Nc2 a6 15. Be3 e5?
{ein schlechter Zug, der das Feld d5 für den weissen Springer freigibt,
klar zu bevorzugen ist h6 mit Ausgleich, Stockfish -1,00} 16. Bd2 {besser
ist Sd5, Stockfish +0,60} h6 {besser ist Sd4, Stockfish -1,00} 17. Rc1
{besser ist Sd5, Stockfish +0,70} exf4? {ein schlechter Zug, danach ist
Weiss bereits klar im Vorteil, Stockfish -1,20, deutlich besser ist Sd4 !}
18. Bxf4? {ein schwacher Zug, klar zu bevorzugen ist gxf4, Stockfish +0,50}
Ne5 19. Ne3 Ng6 20. Nf5 Nxf4 21. Rxf4 {besser ist gxf4, die Stellung ist im
Lot.} Rce8 22. Nd5 Bxd5 23. cxd5 Bd8 24. Bh3 Kh7 {besser ist Dc7 mit
Ausgleich, Stockfish -0,60} 25. Qf1 Qc7 26. Nd4 Kg8 27. b4? {ein schwacher
Zug, der etwa 1 Bauerneinheit einbüsst, danach ist Schwarz etwas im
Vorteil, Stockfish -0,50, deutlich besser ist Sc6 !} Nh5? {ein schlechter
Zug, der die Vorzeichen sofort wieder umkehrt, danach ist Weiss wieder im
Vorteil, Stockfish -0,50, nötig ist Sd7 !} 28. Rf3 Bg5 29. Rc2 Nf6 30. a3
{besser ist Sc6, nach dem Textzug ist die Stellung im Lot, Stockfish 0,00}
Qe7? {ein schlechter Zug, danach ist Weiss klar im Vorteil, nötig ist Sd7
mit Ausgleich, Stockfish -1,20} 31. Nc6 Qc7 32. Qf2? {ein schwacher Zug,
der den Vorteil von Weiss mehr als halbiert, Stockfish +0,40, nötig ist Kg2
!} Nd7 {besser ist h5, Stockfish -0,80} 33. Rf5? {ein schlechter Zug, der
mehr als eine ganze Bauerneinheit einbüsst und die Vorzeichen umkehrt,
danach ist Schwarz etwas im Vorteil, Stockfish -0,50, nötig ist Lxd7 !}
Bf6? {ebenfalls schwach, büsst etwa eine Bauerneinheit ein und kehrt
neuerlich die Vorzeichen um , Stockfish -0,60, deutlich besser ist Sb8 !}
34. Rf4 {besser ist Tf3, nach dem Textzug ist die Stellung im Lot.} Ne5???
{ein absoluter Verlustzug, danach ist die Partie klar verloren, Stockfish
-4,00, nötig ist Lg5 mit Ausgleich.} 35. Rxf6! {Mephisto Berlin 68000
ergreift die Chance, richtig und das war es.} gxf6 36. Qxf6 Nxc6 37. dxc6
Qxc6 38. Bf5 Qc7 {etwas mehr Widerstand leistet noch Te6, aber hier ist es
schon egal, Stockfish -7,00} 39. d4? {ein schlechter Zug, der ca. 3
Bauerneinheiten einbüsst, Stockifsh +4,00, deutlich stärker ist Tf2 mit dem
Plan Tf4} Qa7??? {völliger Schwachsinn, natürlich muss die Dame zum
Abtausch angeboten werden mit De7, danach ist alles aus, Stockfish -44,00}
40. Qxd6??? {ein Katastrophenzug, der Mehr als 40 Bauerneinheiten !!!
einbüsst, dennoch steht Weiss auch danach klar auf Gewinn, Stockfishb
+3,50, nach Tf2 wäre alles erledigt gewesen.} Kg7 41. bxc5 Rd8? {deutlich
mehr Widerstand leistet noch bxc5, Stockfish -6,00} 42. cxb6 Rxd6 43. bxa7
Ra8 44. Rc7 a5 45. Bc8 Kf8 46. d5 Rb6 47. e5 {Rest geschenkt} 1-0
[/pgn]
[pgn]

[Event "Turnier 40 / 120"]
[Site "Wien"]
[Date "2024.11.04"]
[Round "43"]
[White "Fidelity Designer 2325"]
[Black "Mephisto Berlin 68000"]
[Result "1-0"]
[BlackElo "2128"]
[WhiteElo "2114"]

{Analyse: -----> Stockfish 16} 1. e4 e5 2. Nf3 Nf6 3. Nxe5 d6 4. Nf3 Nxe4
5. d4 d5 6. Bd3 {Buchende} Nc6 7. O-O Be7 8. Re1 {Buchzug Buchende} Bf5 9.
Nbd2 {Buchbewertung Fidelity Designer 2325: +0,85 zu optimistisch, lt.
Stockfish steht Weiss knapp besser mit ca. +0,30} Nxd2 {Buchende} 10. Qxd2
Bxd3 {Buchbewertung Mephisto Berlin 68000: -0,27 lt. Stockfish steht Weiss
knapp besser mit ca. +0,40} 11. Qxd3 O-O 12. Bf4 Nb4 13. Qb3 a5 14. a3 a4
15. Qc3 Nc6 16. Re3 Bd6 {besser ist f6 mit Ausgleich, Stockfish -0,60} 17.
Bxd6 Qxd6 18. Rae1 Ra6 19. Nh4 g6 20. Nf3 Rb6 21. R3e2 Qf4? {ein schwacher
Zug, klar zu bevorzugen ist Sd8, Stockfish -1,20} 22. Qc5? {ein schlechter
Zug, danach ist die Stellung im Lot, nötig ist g3 !} Rxb2 23. Qxd5 Rd8???
{ein klarer Verlustzug, danach ist die Partie verloren, Stockfish -4,00,
nötig ist Dd6 mit Ausgleich !} 24. Qc5 Rf8 25. d5 Nb8 26. Ne5 Ra2 27. Qxc7
Rxa3 28. Qxb7 Rc3 29. g3 Qd4 30. Nd3?? {ein ganz schlechter Zug, der ca. 2
Bauerneinheiten einbüsst, Stockfish +2,80, nötig ist Te4} Rcc8 31. Nf4?
{ein grottenschlechter Zug, der nahezu den gesamten Vorteil verschenkt,
hier trotzdem nur ein Fragezeichen, da der richtige Zug Se5 ! eine
Stellungswiederholung wäre und somit nicht spielbar ist. Stockfish +0,70}
a3 32. Qb3 Rc3 33. Qb5 Rc5 34. Qb1 {besser ist Db7, nach dem Textzug ist
fast nichts mehr übrig vom weissen Vorteil, Stockfish +0,20} g5? {ein
schwacher Zug, klar zu bevorzugen ist Sd7, Stockfish -1,20} 35. Nh5 {etwas
besser ist c3, Stockfish +1,00} Nd7 36. Qb3? {klar zu bevorzugen ist c4,
Stockfish +0,50} Rxd5?? {ein ganz schlechter Zug, danach ist Schwarz auf
der Verliererstrasse, Stockfish -2,50, nötig ist Tc3 !} 37. Qxa3 Rf5 38.
c3?? {ein grottenschlechter Zug, der den Grossteil des Vorteiles
verschenkt, Stockfish +0,60, nötig ist h3 !} Qd5??? {ein absoluter
Verlustzug, danach ist die Partie klar verloren, nötig ist Dc5 !, Stockfish
-4,50 !, nach g4 geht der schwarze Turm verloren, g4, Df3, gxf5 und das war
es !} 39. Qe7 {nicht der beste, aber ein starker Zug, Stockfish +4,20} h6
{besser ist noch g4, Stockfish -5,20} 40. Re4??? {ein absoluter
Katastrophenzug, der nahezu den gesamten Vorteil wieder verschenkt,
Stockfish +0,70, nötig ist g4 !} Qd2??? {ein absoluter Verlustzug, danach
ist die Partie wieder klar verloren, Stockfish -5,00, nötig ist Dc5 !} 41.
R1e2?? {ein grottenschlechter Zug, der ca. 2,7 Bauerneinheiten einbüsst,
sofort gewonnen hätte Tf1, Stockfish +2,30} Qc1+??? {ein absoluter
Verlustzug, danach ist alles aus, Stockfish -5,50, nötig ist Dd1+ !} 42.
Kg2 Qxc3? {besser ist noch Td5 rettet aber auch nichts mehr, Stockfish
-7,00} 43. Qxd7 Qf3+ 44. Kg1 Rc5 45. g4 Rc1+ 46. Re1 Qxe4 47. Rxc1 Qe5 48.
Qd3 Qe6 49. Qd4 f6 50. Rc7 Rf7 51. Qd8+ {Stockfish Matt in 29} Kh7 52.
Nxf6+ Kg6 53. Qd3+ Kxf6 54. Qc3+ Kg6 55. Rc6 Qxc6 56. Qxc6+ {Rest geschenkt
/ Stockfish Matt in 41} 1-0
[/pgn]
[pgn]

[Event "Turnier 40 / 120"]
[Site "Wien"]
[Date "2024.11.04"]
[Round "44"]
[White "Mephisto Berlin 68000"]
[Black "Fidelity Designer 2325"]
[Result "1/2-1/2"]
[BlackElo "2114"]
[WhiteElo "2128"]

{Analyse: ----> Stockfish 16} 1. c4 g6 2. e4 e5 3. d4 Nf6 4. Nf3 exd4 5. e5
Bb4+ 6. Bd2 Qe7 7. Bxb4 Qxb4+ 8. Qd2 {Buchende} Qxd2+ 9. Nbxd2
{Buchbewertung Mephisto Berlin 68000: +0,63} Ng8 {Buchende} 10. Nxd4 f6
{Buchbewertung Fidelity Designer 2325: -0,27 / etwas besser ist Sc6, lt.
Stockfish steht Weiss besser mit ca. +0,60} 11. exf6 {besser ist 0-0-0,
Stockfish +0,30} Nxf6 12. Bd3 O-O 13. O-O Nc6 {besser ist d6, Stockfish
-0,60} 14. Nb5 Ne8 15. Rfe1 a6 16. Rxe8 {besser ist Sc3, Stockfish +0,20}
axb5 17. Rxf8+ Kxf8 18. cxb5 Nb4 19. Bc4 {besser ist Lb1, die Stellung ist
im Lot} d5 20. Bb3 Be6 {besser ist c5 mit Ausgleich, Stockfish -0,60} 21.
Rc1 Rc8?? {ein klarer Verlustzug, danach ist die Partie verloren, Stockfish
-3,00, nötig ist c6} 22. Ne4?? {so aber nicht, verschenkt den Grossteil des
Vorteiles, Stockfish +0,40, gewonnen hätte Tc3 !} Nd3 23. Rc3 Nxb2 24. Nc5
Re8? {ein ganz schlechter Zug, danach ist Weiss bereits klar im Vorteil,
Stockfish -1,70, nötig ist Lg8 mit annäherndem Ausgleich} 25. h4 c6?? {ein
absoluter Verlustzug, danach ist die Partie klar verloren, Stockfish -3,70,
deutlich mehr Widerstand leistet Sc4 !} 26. Nxb7?? {so aber nicht,
verschenkt neuerlich praktisch den gesamten Vorteil, Stockfish +0,20,
gewonnen hätte Tf3+ !} cxb5 27. Nd6 Rb8 28. Rc5 b4 29. Bxd5 Bxd5 30. Rxd5
Ra8 31. Rd4 Ra4 32. Ne4 h6 33. Nc5 Rxa2 34. Rxb4 Nd1 35. Rb6 Kf7 36. Nd3
Kg7 37. g3 g5?? {lt. Stockfish bereits ein Verlustzug, -2,50, nötig ist
Ta1+ mit annäherndem Ausgleich.} 38. hxg5?? {so aber nicht, verschenkt
postwendend gleich wieder den gesamten Vorteil, Stockfish +0,20, gewonnen
hätte h5 !} hxg5 39. Rb5 Kf6 40. g4 Ra1 41. Rf5+ Kg6 42. Ne5+ Kh6 43. Kg2
Ra2 44. Kg3 Rc2 45. Rf6+ Kh7 46. f4 {danach ist das Remis besiegelt, der
Vorletzte Bauer wird abgetauscht, danach verbleibt nur noch 1 Bauer, der
natürlich jederzeit vom schwarzen Springer genommen werden kann im
Notfall.} Rc3+ 47. Nf3 gxf4+ 48. Rxf4 Kg7 49. Re4 Nb2 50. g5 Rc7 51. Kg4
Nd3 52. Kh5 Nc5 53. Rc4 Ne6 54. Rxc7+ Nxc7 {Userentscheid: Remis} 1/2-1/2
[/pgn]
[pgn]

[Event "Turnier 40 / 120"]
[Site "Wien"]
[Date "2024.11.06"]
[Round "45"]
[White "Fidelity Designer 2325"]
[Black "Mephisto Berlin 68000"]
[Result "1-0"]
[BlackElo "2128"]
[WhiteElo "2114"]

{Analyse: ----> Stockfish 16} 1. e4 d6 2. d4 Nf6 3. Nc3 g6 4. Nf3 Bg7 5. h3
O-O 6. Be3 {Buchende} a6 {Buchende} 7. Be2 {Buchbewertung Fidelity Designer
2325: +0,27} Nbd7? {Buchbewertung Mephisto Berlin 68000: -0,18 / kein
idealer Startzug, klar zu bevorzugen ist e6 mit ca. -0,50, nach dem Textzug
steht Weiss klar besser, Stockfish -1,00} 8. e5 Ne8 9. Qd2 c6 {besser ist
c5, Stockfish -1,20} 10. Bf4? {ein schwacher Zug, der den Grossteil des
Vorteiles einbüsst, Stockfish +0,20, nötig wäre der Vorstoss h4 mit dem
Plan h5 gewesen, die hier angezeigte Variante ist aber viel zu tief für
jeden Oldie.} Nb6 {klar zu bevorzugen ist dxe5, Stockfish -0,80} 11. O-O-O
Nd5? {ein schlechter Zug, danach ist Weiss klar im Vorteil, Stockfish
-1,50, nötig ist exd5 !} 12. Nxd5 cxd5 13. Kb1 {etwas besser ist Ld3,
Stockfish +1,20} dxe5? {ein schlechter Zug, danach ist Schwarz bereits klar
auf der Verliererstrasse, Stockfish -2,00, deutlich besser ist Lf5 !} 14.
dxe5 e6? {danach ist die Partie bereits klar verloren, Stockfish -3,70,
deutlich mehr Widerstand leistet f6 !} 15. c4? {ein schwacher Zug, Weiss
sollte auf der H-Linie vorstossen mit h4-h5 usw., Stockfish +2,00} Nc7?
{wieder ist f6 klar zu bevorzugen, Stockfish -3,00} 16. cxd5?? {ein
grottenschlechter Zug, der den Grossteil des Vorteiles verspielt, Stockfish
+0,80, gewonnen hätte wieder h4-h5 usw.} exd5 {besser ist Sxd5, Stockfish
-1,20} 17. Rc1?? {ein grottenschlechter Zug, der Schwarz die Entwicklung
des Läufer nach f5 mit Schachgebot erlaubt, danach ist jeglicher Vorteil
dahin, Stockfish 0,00, nötig ist natürlich Ld3, um eben das zu verhindern.}
Bf5+ 18. Ka1 Ne6 19. Nd4 Nxf4 20. Qxf4 Bc8 21. Rhd1 {besser ist De3 mit
Ausgleich, Stockfish -0,40} Qe7 {besser ist Te8, nach dem Textzug ist die
Stellung im Lot.} 22. Nf3 Rd8 23. Bd3 b5 24. Rc2 Bb7 25. Rdc1 Rd7 26. Qd4
Re8 27. Re1 Rc7 28. Rxc7 Qxc7 29. Kb1 Rc8 30. Qe3 {klar vorzuziehen ist h4
mit Ausgleich, Stockfish -0,60} Qe7 {besser ist d4, die Stellung ist im
Lot.} 31. Nd4 Qc5 32. f4 Qa7 {besser ist Te8 mit Ausgleich, Stockfish
-0,60} 33. g4 Qb6 34. Ka1? {Schwachsinn !, Stockfish 0,00} Qc5?? {ein
klarer Verlustzug, danach ist die Partie verloren, Stockfish -3,00, nötig
ist Te8 mit Ausgleich !} 35. h4?? {ein ganz schlechter Zug, der etwa 2/3
des Vorteiles verspielt, Stockfish +1,00, gewonnen hätte f5 !} Rc7??? {ein
absoluter Verlustzug, danach ist die Partie klar verloren, Stockfish -5,00,
nötig ist Te8 !} 36. h5? {klar zu bevorzugen ist f5, aber Weiss steht klar
auf Gewinn, Stockfish +3,70} Rc8? {ein schlechter Zug, deutlich besser ist
Db4, Stockfish -5,50} 37. f5 Qb6 38. hxg6 hxg6 39. f6 Bh8 {deutlich länger
überlebt noch Lxf6, Stockfish Matt in 11 !} 40. Rf1 {zum Matt führt Df4,
aber hier schon egal, Stockfish +36,00} b4 {länger überlebt noch Lxf6,
Stockfish Matt in 10 !} 41. Qh6 Rc7 42. Bxg6 fxg6 43. Qxg6+ Bg7 {Mephisto
Berlin 68000: -13,3 ---> aufgegeben / Matt in 7 !} 1-0
[/pgn]
[pgn]

[Event "Turnier 40 / 120"]
[Site "Wien"]
[Date "2024.11.06"]
[Round "46"]
[White "Mephisto Berlin 68000"]
[Black "Fidelity Designer 2325"]
[Result "1-0"]
[BlackElo "2114"]
[WhiteElo "2128"]

{Analyse: -----> Stockfish 16} 1. Nf3 Nf6 2. c4 g6 3. d4 Bg7 4. Nc3 d6 5.
g3 O-O 6. Bg2 Nbd7 7. O-O e5 8. e4 {Buchende} exd4 9. Nxd4 {Buchbewertung
Mephisto Berlin 68000: -0,03} Nc5 {Buchende} 10. b4 Na6 {Buchbewertung
Fidelity Designer 2325: -0,16 / besser ist natürlich Se6, lt. Stockfish
steht Weiss besser mit ca. +0,70} 11. a3 Ng4 12. Bb2 {deutlich besser ist
Tb1, Stockfish +0,30} Re8? {ein schlechter Zug, danach ist Weiss bereits
klar im Vorteil, Stockfish -1,30, nötig ist Se5 !} 13. h3 {besser ist Sc2,
Stockfish +1,00} Ne5 14. Qe2 c5 15. bxc5 dxc5 16. Ndb5 {ein schwacher Zug,
nötig ist Sf3, nach dem Textzug ist die Stellung im Lot.} Qd3 17. Rfd1
Qxc4?? {ein ganz schlechter Zug, danach ist Weiss wieder klar im Vorteil,
nötig ist Dxe2 mit Ausgleich, Stockfish -1,70} 18. Qc2? {deutlich besser
ist De3, Stockfish +1,00} Qe6??? {ein absoluter Verlustzug, danach ist die
Partie klar verloren, Stockfish -3,50, nötig ist Le6 !} 19. Rd6 Qe7 20. f4
Nd7 {besser ist sogar noch Sc7, aber hier ist ohnehin alles schon verloren,
Stockfish -5,00} 21. Nd5 Qf8 22. e5? {ein schlechter Zug, der etwa 2
Bauerneinheiten einbüsst, deutlich besser ist Lxg7 !, Stockfish +3,00}
Rd8?? {spätestens danach ist alles vorbei, Stockfish -6,50, deutlich mehr
Widerstand leistet noch Sb6 !} 23. Rd1 {deutlich stärker ist e6, aber hier
schon egal, hier gewinnt praktisch schon jede halbwegs plaubible
Fortsetzung, Stockfish +5,00} Bh8? {ganz schlecht, es geht weiter steil
bergab, Stockfish -8,00, deutlich besser ist noch Te8, aber nichts kann
Schwarz mehr retten es ist eigentlich egal, hier beende ich dann die
weiteren Kommentare, es sei denn Mephisto Berlin 68000 macht noch einen
Megabock, er wird nicht immer den allerbesten Zug machen, aber wie gesagt,
hier gewinnt alles.} 24. Qb3 Bg7 25. Ne3 Qe7 26. Bc3 Re8 27. Nd5 Qd8 28.
Nf6+ Bxf6 29. Rxf6 Qe7 30. Rxf7 Qxf7 31. Bd5 Nxe5 32. Nd6 Be6 33. Nxf7
{Rest geschenkt} 1-0
[/pgn]
[pgn]

[Event "Turnier 40 / 120"]
[Site "Wien"]
[Date "2024.11.07"]
[Round "47"]
[White "Fidelity Designer 2325"]
[Black "Mephisto Berlin 68000"]
[Result "1-0"]
[BlackElo "2128"]
[WhiteElo "2114"]

{Analyse: ---> Stockfish 16} 1. Nc3 {Buchende} Nf6 2. e4 e5 3. Bc4
{Fidelity Designer 2325 wieder im Buch} Nc6 4. d3 {Buchende} Bc5 5. Nf3 d6
6. Na4 {Fidelity Designer 12325 wieder im Buch} Bb6 7. Nxb6 axb6 8. Bg5 h6
9. Bh4 {Buchende} Qe7 {Buchende} 10. O-O {Buchbewertung Fidelity Designer
2325: +0,06} O-O {Buchbewertung Mephisto Berlin 68000: -0,30 / lt.
Stockfish ist die Stellung etwa gleich.} 11. Qd2 Bg4 12. Qe3 Be6 13. Bb3
Ra5 14. c4 Rfa8 15. d4 exd4 16. Nxd4 Rh5 17. Bxf6 Qxf6 18. Nxe6 fxe6 19.
Rab1 Nd4 20. Rbe1 Nxb3 21. Qxb3 Qe5 22. h3 Rg5 23. Re2 Rg6 24. f4 Qc5+ 25.
Kh2 Rf6 26. g3 e5 27. f5 Rf7 28. Rd1 Qc6 29. a3 Ra5 30. Qd3 Ra4? {ein
schwacher Zug, klar zu bevorzugen ist Tc5 mit Ausgleich, Stockfish -1,10}
31. b4 Ra8 32. Rf1 Kh8 33. Ra2 Ra4?? {lt. Stockfish bereits ein klarer
Verlustzug, -2,80, nötig ist Dd7 mit ca. -1,00} 34. Raf2 {besser ist g4,
Stockfish +2,00} Rf6 35. Rf3 Ra7 36. Qe2 Ra8 37. g4 Kg8? {deutlich besser
ist noch Tg8, Stockfish -3,00} 38. g5 {besser ist h4, Stockfish +2,50} hxg5
39. Rg1 Rh6 40. Rxg5 Kh8??? {ein absoluter Verlustzug, danach ist die
Partie klar verloren, Stockfish -6,50, deutlich mehr Widerstand leistet
noch Tf8 mit ca. -3,00} 41. f6 g6 42. Rfg3 {Stockfish Matt in 21} Qe8
{länger überlebt noch Dd7, Matt in 11} 43. Rxg6 Rh4 {Th7 überlebt ein paar
Züge mehr, Matt in 7} 44. Qg4! {richtig} Rh7 45. Rg7 Qf7 {Mephisto Berlin
68000: Selbstmatt in 5} 46. Rxh7+ {Fidelity Designer 2325: Mattankündigung
in 6} Qxh7 47. f7 Rf8 48. Qg5 Qxf7 49. Qh6+ Qh7 50. Qxf8+ Qg8 51. Qxg8# 1-0
[/pgn]
[pgn]

[Event "Turnier 40 / 120"]
[Site "Wien"]
[Date "2024.11.10"]
[Round "48"]
[White "Mephisto Berlin 68000"]
[Black "Fidelity Designer 2325"]
[Result "1/2-1/2"]
[BlackElo "2114"]
[WhiteElo "2128"]

{Analyse: ----> Stockfish 16} 1. e4 c5 2. Nf3 e6 3. d4 cxd4 4. Nxd4 Nc6 5.
Nc3 {Buchende} Qc7 {Buchende} 6. Ndb5 {Buchbewertung Mephisto Berlin 68000:
+0,69} Qb8 {Buchbewertung Fidelity Designer 2325: -0,40 / lt. Stockfish
steht Weiss knapp besser mit ca. +0,30} 7. Be3 a6 8. Nd4 Nf6 9. Bd3 Bd6 10.
h3 O-O 11. O-O Be5? {ein schlechter Zug, danach ist Weiss klar im Vorteil,
Stockfish -1,40, nötig ist Lh2+, Kh1, Lf4 mit Ausgleich} 12. Nde2? {ein
schlechter Zug, danach ist die Stellung wieder im Lot, nötig ist Sxc6 !} d5
13. exd5 exd5 14. Bc5 Re8 15. Qd2?? {ein ganz schlechter Zug, danach ist
Weiss bereits auf der Verliererstrasse, Stockfish -2,00, nötig ist f4 mit
Ausgleich.} b6 16. Ba3 b5 {deutlich besser ist d4, Stockfish +1,40} 17. Bc5
Nd7 {immer noch ist d4 vorzuziehen, Stockfish +1,20} 18. b4 Nxc5 19. bxc5
Bb7? {völlig unverständlich, warum nicht Da7, bekommt doch sofort den
Bauern c5, nach dem Textzug ist Schwarz nur noch hauchdünn im Vorteil mit
ca. +0,20} 20. Rab1 Qa7 21. a4 d4? {und danach ist bereits Weiss klar im
Vorteil, so schnell kann es gehen, Stockfish -1,00, nötig ist b4 !} 22. Ne4
bxa4? {deutlich besser ist Tad8, Stockfish -1,50} 23. Nd6?? {ein ganz
schlechter Zug, der den gesamten Vorteil wieder abgibt, Stockfish 0,00,
nötig ist S2g3 !} Bxd6 24. cxd6 Rad8 25. Qf4 Ne5 26. Qxd4? {ein schwacher
Zug, klar zu bevorzugen ist Sxd4 mit Ausgleich, Stockfish -0,80} Qxd4? {das
bringt keinen Vorteil, danach ist die Stellung wieder im Lot, nötig ist
Da8.} 27. Nxd4 Rxd6 28. Rxb7 Rxd4 29. Bxa6 Ra8 30. Ra1 g5 31. c3 Rd6 32.
Bf1 Rd7 33. Rxd7 Nxd7 34. Ra3 Nc5 35. Bc4 Kf8 36. g4 Ke7 37. f3 Ra7 38. Kf2
Kd6 39. Kg3 Kc6 40. h4 f6 41. hxg5 fxg5 42. Be2 Nd7 43. f4 gxf4+ 44. Kxf4
Nb6 45. g5 {die Stellung ist Remis, Stockfish 0,00} Kc5 46. Bd1 Kb5 47.
Be2+ Ka5 48. Bd3 Rc7 49. Be4 Nc4 50. Ra2 Rf7+ 51. Kg3 Rg7 52. Kf4 a3 53.
Bd3 Rc7 54. Ke4 Ka4 55. Bc2+ Kb5 56. Bd3 Kb6 57. Kd4 Nb2 58. Be4 Rd7+ 59.
Bd5 Ra7 60. c4 Ra5 61. Be4 Ra4 62. Bxh7 Rxc4+ 63. Ke5 Rc5+ 64. Kf6 Rc6+ 65.
Kg7 Rc3 66. g6 Nc4 67. Kf8 Ne5 68. Rg2 Rc8+ 69. Ke7 Rc7+ 70. Kf6 Nd7+ 71.
Kf5 Rc5+ 72. Ke6 Nf8+ 73. Kf7 Rc8 74. Ra2 Nxg6 {Userentscheid: Remis}
1/2-1/2
[/pgn]
[pgn]